[Event "Wch U16"]
[Site "Al Ain"]
[Date "2013.12.24"]
[Round "8"]
[White "Choi, Ian"]
[Black "Emad, Majdlawy"]
[Result "1-0"]
[WhiteElo "1655"]
[BlackElo "1470"]
[PlyCount "102"]
[EventDate "2013.12.18"]
[EventType "swiss"]
[EventRounds "11"]
[EventCountry "UAE"]
[SourceTitle "CBM 158 Extra"]
[Source "ChessBase"]
[SourceDate "2014.02.28"]
[SourceVersion "1"]
[SourceVersionDate "2014.02.28"]
[SourceQuality "1"]

1. d4 d5 2. c4 c6 3. Nc3 Nf6 4. e3 Bf5 5. cxd5 cxd5 6. Qb3 Qb6 7. Nxd5 Qxb3 8. Nxf6+ exf6 9. axb3 Nc6 10. Bb5 Bb4+ 11. Bd2 Bxd2+ 12. Kxd2 0-0 13. Bxc6 bxc6 14. Ne2 Rfb8 15. Ra3 Be6 16. Kc3 Rb5 17. Rha1 g5 18. Nc1 a5 19. Nd3 g4 20. e4 Rh5 21. Nf4 Rb5 22. Rd1 Rab8 23. d5 cxd5 24. exd5 Rd8 25. Ra4 f5 26. Rad4 Rc8+ 27. Rc4 Rd8 28. dxe6 Rxd1 29. e7 Rb8 30. Nh5 Rd6 31. Rd4 Rc8+ 32. Kd3 Rxd4+ 33. Kxd4 f6 34. Nxf6+ Kf7 35. e8Q+ Rxe8 36. Nxe8 Kxe8 37. Kc5 Ke7 38. Kb5 Kd6 39. Kxa5 Kd5 40. b4 Kd4 41. b5 Kd3 42. b6 Ke2 43. b7 Kxf2 44. b8Q Kxg2 45. Qg3+ Kh1 46. Kb4 h6 47. Kc3 h5 48. Kd3 h4 49. Qxh4 Kg2 50. Ke2 g3 51. Qxg3+ Kh1 1-0

[Event "Wch U14"]
[Site "Maribor"]
[Date "2012.11.18"]
[Round "11.56"]
[White "Virtanen, Teemu"]
[Black "Choi, Ian"]
[Result "1-0"]
[WhiteElo "1848"]
[BlackElo "1478"]
[PlyCount "77"]
[EventDate "2012.11.08"]
[EventType "swiss"]
[EventRounds "11"]
[EventCountry "SLO"]
[SourceTitle "EXT 2013"]
[Source "ChessBase"]
[SourceDate "2012.11.22"]
[SourceVersion "1"]
[SourceVersionDate "2012.11.22"]
[SourceQuality "1"]

1. e4 e6 2. d4 d5 3. Nd2 Nf6 4. e5 Nfd7 5. Bd3 c5 6. c3 Nc6 7. Ne2 Qb6 8. Nf3 g6 9. 0-0 cxd4 10. cxd4 Bg7 11. a3 f6 12. exf6 Nxf6 13. b4 Bd7 14. b5 Na5 15. Ne5 Rc8 16. Nxd7 Kxd7 17. Bd2 Ng4 18. h3 Nh6 19. Bb4 Bf8 20. Rc1 Bxb4 21. axb4 Nc4 22. Bxc4 Rxc4 23. Rxc4 dxc4 24. d5 e5 25. Qc1 Nf5 26. Qxc4 Nd6 27. Qg4+ Kc7 28. Rc1+ Kb8 29. Qd7 Rf8 30. Rc5 a5 31. bxa6 bxa6 32. Rc6 Qxf2+ 33. Kh2 Nb7 34. Rxa6 Rc8 35. Qa4 Rc4 36. Qe8+ Rc8 37. Qxe5+ Rc7 38. Nd4 Qb2 39. Nc6+ 1-0

[Event "Wch U14"]
[Site "Maribor"]
[Date "2012.11.14"]
[Round "7.70"]
[White "Choi, Ian"]
[Black "Suta, Andraz"]
[Result "1-0"]
[WhiteElo "1478"]
[BlackElo "1763"]
[PlyCount "103"]
[EventDate "2012.11.08"]
[EventType "swiss"]
[EventRounds "11"]
[EventCountry "SLO"]
[SourceTitle "EXT 2013"]
[Source "ChessBase"]
[SourceDate "2012.11.22"]
[SourceVersion "1"]
[SourceVersionDate "2012.11.22"]
[SourceQuality "1"]

1. d4 d5 2. c4 dxc4 3. Nf3 c5 4. e3 cxd4 5. exd4 e6 6. Bxc4 Qc7 7. Qe2 Be7 8. 0-0 Nf6 9. Nc3 a6 10. Re1 0-0 11. d5 exd5 12. Nxd5 Nxd5 13. Bxd5 Bd6 14. Ng5 Nd7 15. Nxf7 Bxh2+ 16. Kh1 Nf6 17. Bb3 Bd7 18. Qe7 Rae8 19. Nd6+ Kh8 20. Nxe8 Rxe8 21. Qb4 Rxe1+ 22. Qxe1 Bf4 23. Qe7 h6 24. Bxf4 Qxf4 25. Qf8+ Kh7 26. Bg8+ Kg6 27. Qf7+ Kf5 28. Bh7+ Ke5 29. Re1+ Kd6 30. Qe7+ Kc6 31. Be4+ Nxe4 32. Rxe4 Qxf2 33. Rc4+ Kb6 34. Rb4+ Ka7 35. a3 Bc6 36. Qxg7 Qf1+ 37. Kh2 a5 38. Qd4+ Kb8 39. Qd8+ Ka7 40. Qxa5+ Kb8 41. Rg4 Qf7 42. Qe5+ Ka7 43. Qe3+ Ka8 44. Qxh6 Qc7+ 45. Qf4 Qh7+ 46. Rh4 Qg7 47. Qf2 Qe5+ 48. Kg1 Qg7 49. Rf4 Be8 50. Qc5 Qd7 51. Rd4 b6 52. Qxb6 1-0

[Event "Wch U14"]
[Site "Maribor"]
[Date "2012.11.08"]
[Round "1.66"]
[White "Choi, Ian"]
[Black "Thybo, Jesper Sondergaard"]
[Result "0-1"]
[WhiteElo "1478"]
[BlackElo "2001"]
[PlyCount "84"]
[EventDate "2012.11.08"]
[EventType "swiss"]
[EventRounds "11"]
[EventCountry "SLO"]
[SourceTitle "EXT 2013"]
[Source "ChessBase"]
[SourceDate "2012.11.22"]
[SourceVersion "1"]
[SourceVersionDate "2012.11.22"]
[SourceQuality "1"]

1. d4 Nf6 2. c4 g6 3. Nc3 d5 4. cxd5 Nxd5 5. e4 Nxc3 6. bxc3 Bg7 7. Qa4+ Qd7 8. Qa3 0-0 9. Be3 b6 10. Rc1 Bb7 11. f3 f5 12. Bc4+ Kh8 13. e5 Nc6 14. Nh3 Na5 15. Be2 c5 16. Nf4 cxd4 17. cxd4 Rac8 18. 0-0 e6 19. Qb4 Nc6 20. Qa4 Nxe5 21. Qxd7 Nxd7 22. Nxe6 Rfe8 23. Rxc8 Bxc8 24. Bc4 Nf8 25. d5 Nxe6 26. dxe6 Bxe6 27. Bxe6 Rxe6 28. Rd1 Rxe3 29. Rd8+ Bf8 30. Rxf8+ Kg7 31. Rd8 Re7 32. Kf2 Kf6 33. a4 Ke6 34. Rd3 Rd7 35. Rxd7 Kxd7 36. Ke3 Kd6 37. Kd4 a6 38. f4 b5 39. a5 Kc6 40. h3 h5 41. g3 Kd6 42. h4 Kc6 0-1